000 01068nam a22002295i 4500
001 166748
003 ES-MaACL
005 20260113183006.0
008 990526s1871 fr |||| | fre d
040 _aCYL
_bspa
_cCYL
100 1 _aTyndall, John (
_d1820-1893)
_9133425
245 1 0 _aProgramme d'un cours en sept leçons sur les phénomènes et les théories électriques /
_cpar John Tyndall ; traduit de l'anglais par l'abbé Raillard ; revu par l'abbé Moigno.
260 _aParis :
_bAu bureau du journal Les Mondes :
_bet chez Gauthier-Villars, imprimeur-libraire,
_c1871 (
_fImprimerie Walder)
300 _a92 p. ;
_c18 cm.
490 1 _aActualités scientifiques / publiées par L'abbé Moigno
700 1 1 _aRaillard
_c, Abbé,
_etrad.
_9131568
700 1 _aMoigno, François,
_d1804-1884
_9130010
830 0 _aActualités scientifiques / publiées par M. L'Abbe Moigno
_9222076
852 _aES-MaACL
_jT-631-F-4
_z-- Enc. hol., falto de la cub. original
_z-- Enc. en un vol. facticio
999 _c166748
_d166748